000 00517nam a22001577a 4500
005 20260409155358.0
008 260409b |||||||| |||| 00| 0 eng d
020 _a9780230240155
_qhbk
041 _aEng
082 _a351 BOU
100 _aBouckaert, Geert
245 _a The coordination of public sector organizations
_b: Shifting patterns of public management
_c\ by Geert Bouckaert, B. Guy Peters and Koen Verhoest
250 _a1st ed.
260 _aBasingstoke
_bPalgrave Macmillan
_c2010
942 _cENGLISH
999 _c619313
_d619313